The many coloured coat /

Saved in:
Bibliographic Details
Main Author: Callaghan, Morley, 1903-
Format: Book
Language:English
Published: London : MacGibbon & Kee, 1963.
LEADER 00717cam a2200193 a 4500
001 c000111290
003 CARM
005 19991210093322.0
008 770519s1963 enk 000 1 eng d
019 1 |a 1911388  |z 51962617  |5 LACONCORD2021 
035 |a (OCoLC)6401000  |5 LACONCORD2021 
040 |a APLS  |b eng  |c APLS  |d XNLS 
082 0 4 |a 823.91  |2 18 
100 1 |a Callaghan, Morley,  |d 1903- 
245 1 4 |a The many coloured coat /  |c Morley Callaghan. 
260 |a London :  |b MacGibbon & Kee,  |c 1963. 
852 8 |b CARM  |h A2:AJ10G0  |i A02315  |p 0156632  |f BK 
999 f f |i b3f18772-5e2d-50c1-9363-5fc98132916f  |s e03ca3b7-79b7-52a1-b8e3-db798e8c46b4 
952 f f |p Can circulate  |a CAVAL  |b CAVAL  |c CAVAL  |d CARM 1 Store  |e A02315  |f A2:AJ10G0  |h Other scheme  |i book  |m 0156632